000 01311nmc a2200421 a 4500
003 AR-BaBNM
005 20251128204054.0
008 185019s1982 ||||||||||||||000 | spa||
020 _a950-25-0638-3
040 _cAR-BaBNM
100 1 _aPanettieri, José
245 1 0 _aLos trabajadores
260 _aBuenos Aires
_bCentro Editor de América Latina
_c1982
300 0 _a235 p.
_btablas
490 0 _aCapítulo: Biblioteca argentina fundamental. Serie complementaria: Sociedad y cultura
_vv. 166
500 1 _aLa primera edición de esta obra fue publicada en 1966, en 1967 apareció la segunda edición ampliada. La presente edición reproduce esta segunda.
650 4 _aHISTORIA ARGENTINA
650 4 _aHISTORIA DEL TRABAJO
650 4 _aSINDICATOS
650 4 _aINMIGRACION EN ARGENTINA
650 4 _aTRABAJADORES
650 4 _aCONDICIONES DE VIDA
650 4 _aCONDICIONES DE TRABAJO
650 4 _aINDUSTRIALIZACION
650 4 _aCLASE MEDIA
650 4 _aCLASE BAJA
650 4 _aMOVIMIENTO OBRERO
650 4 _aPOBLACION URBANA
650 4 _aPOBLACION RURAL
650 4 _aSINDICATOS
650 4 _aLEGISLACION DEL TRABAJO
650 4 _aDERECHO LABORAL
650 4 _aCONFLICTO LABORAL
650 4 _aHUELGA
653 0 _aCONVENTILLOS
942 _cBK
998 _cMarce
999 _c6049
_d6049